Monitorovanie prístupového procesu do EÚ nezávislosť súdnictva

Na minha lista:
Detalhes bibliográficos
Outros Autores: Bajčík, Peter, Marečková, Katarína
Formato: Livro
Idioma:eslovaco
Publicado em: Bratislava NOI 2001
Colecção:Program monitorovania vstupu do EÚ
Assuntos:
Tags: Adicionar Tag
Sem tags, seja o primeiro a adicionar uma tag!

MARC

LEADER 00000nam a2200000 4500
001 c129554
005 20221124103518.1
020 |a 80-85330-92-X 
041 0 |a slo 
044 |a SK 
245 1 0 |a Monitorovanie prístupového procesu do EÚ  |b nezávislosť súdnictva  |c [preklad: Peter Bajčík, Katarína Marečková] 
264 1 |a Bratislava  |b NOI  |c 2001 
300 |a 92 s. 
490 1 |a Program monitorovania vstupu do EÚ 
830 0 |a Program monitorovania vstupu do EÚ 
610 2 0 |a integrácia ekonomická medzinárodná 
610 2 0 |a súdnictvo 
610 2 0 |a nezávislosť 
610 2 0 |a inštitúcie verejnoprávne 
610 2 0 |a právo medzinárodné 
610 2 0 |a právo ústavné 
610 2 0 |a financovanie 
610 2 0 |a autonómia 
610 2 0 |a rozpočty 
610 2 0 |a legislatíva 
610 2 0 |a rozhodovanie 
610 2 0 |a výkon rozhodnutia 
610 2 0 |a korupcia 
610 2 0 |a Európa 
610 2 0 |a Európska únia 
700 1 |a Bajčík, Peter 
700 1 |a Marečková, Katarína